LEADER 01145nam0 22002891i 450 001 UON00132694 005 20231205102803.76 010 $a35-11-09004-0 100 $a20020107d1974 |0itac50 ba 101 $ager 102 $aDE 105 $a|||| 1|||| 200 1 $aM. Terentius Varro und Johannes Mauropus von Euchaita$eeine Studie zur Geschichte der Sprachwissenschaft$fRichard Reitzenstein 205 $aNeudruck der Ausgabe leipzig$b1901 210 $aAalen$cScientia Verlag$d1974 215 $a97 p.$d23 cm 606 $aLingua latina$xStudi$3UONC025925$2FI 620 $dAalen$3UONL000520 676 $a470$cLingue italiche Lingua latina$v21 700 1$aREITZENSTEIN$bRichard$3UONV013188$0177869 712 $aScientia$3UONV247145$4650 801 $aIT$bSOL$c20250905$gRICA 899 $aSIBA - SISTEMA BIBLIOTECARIO DI ATENEO$2UONSI 912 $aUON00132694 950 $aSIBA - SISTEMA BIBLIOTECARIO DI ATENEO$dSI GLOTT B 12 V 028 $eSI MC 783 5 028 996 $aM. Terentius Varro und Johannes Mauropus von Euchaita$91313381 997 $aUNIOR LEADER 06226nam 22007935 450 001 9910409711703321 005 20260223140616.0 010 $a3-030-35683-3 024 7 $a10.1007/978-3-030-35683-5 035 $a(CKB)4100000011126740 035 $a(MiAaPQ)EBC6178006 035 $a(DE-He213)978-3-030-35683-5 035 $a(MiAaPQ)EBC6178003 035 $a(MiAaPQ)EBC29087195 035 $a(EXLCZ)994100000011126740 100 $a20200417d2020 u| 0 101 0 $aeng 135 $aurcnu|||||||| 181 $ctxt$2rdacontent 182 $cc$2rdamedia 183 $acr$2rdacarrier 200 10$aChoice, Preference, and Disability $ePromoting Self-Determination Across the Lifespan /$fedited by Roger J. Stancliffe, Michael L. Wehmeyer, Karrie A. Shogren, Brian H. Abery 205 $a1st ed. 2020. 210 1$aCham :$cSpringer International Publishing :$cImprint: Springer,$d2020. 215 $a1 online resource (375 pages) 225 1 $aPositive Psychology and Disability Series,$x2946-5109 311 08$a3-030-35682-5 327 $aSection 1: Overview of Choice and Preference -- Chapter 1. Choice Availability and People with Intellectual Disability -- Chapter 2. Self-Determination, Preference and Choice -- Chapter 3. Supported Decision Making -- Chapter 4. Reflections on Choice: The Stories of Self-Advocates -- Section 2: Policies, Practices, and Systems that Affect Choice -- Chapter 5. Choice within the Israeli Welfare State: Lessons Learned From Legal Capacity and Housing Services -- Chapter 6. Choice, Preference and Disability: A View from Central and Eastern Europe -- Chapter 7. Choice, Control and Individualized Funding: The Australian National Disability Insurance Scheme -- Chapter 8. Choice and Preference within the Healthcare Context -- Section 3:Choice and Preference Across the Lifespan -- Chapter 9. The Development of Choice-Making and Implications for Promoting Choice and Autonomy for Children and Youth with Intellectual and Developmental Disabilities -- Chapter 10. Preference Assessments, Choice, and Quality of Life for People with Significant Disabilities -- Chapter 11. Choices and Transition from School to Adult Life: Experiences in China -- Chapter 12. Employment Opportunities for People with Intellectual Disabilities -- Chapter 13. Choices, Relationships and Sexuality: Sexual and Reproductive Health and Rights -- Chapter 14. The Choice of Becoming a Parent -- Chapter 15. Adults with Intellectual Disability: Choice and Control in the Context of Family -- Chapter 16. Choice as People Age with Intellectual Disability: An Irish Perspective -- Chapter 17. End-of-Life Choices -- Section 4: Implications for Policy and Practice -- Chapter 18: Policies and Practices to Support Preference, Choice and Self-Determination: An Ecological Understanding. . 330 $aThis book examines choice and preference in the lives of people with disability, focusing on people with intellectual and developmental disabilities. It provides an overview of choice and examines foundational concepts related to choice and preference, including self-determination and supported decision making. Chapters examine a range of critical service and policy issues, such as guardianship, individualized funding, the health care system, and the situation regarding choices for people with disability in international contexts. In addition, chapters explore issues ranging from the development of preference and choice in childhood to choices in older age and end of life matters. It provides in-depth analysis of particular choices faced at different points across the lifespan. The book concludes with implications for policy and practice. Topics featured in this book include: Supported decision making for adults with intellectual disabilities or acquired braininjury. The role of parents and families in the development of choice-making skills. Preference assessments for individuals who cannot tell us what they prefer. Employment opportunities for people with intellectual disabilities. Sexual and reproductive rights for people with intellectual disabilities. Disability and the choice to become a parent. Choice, Preference, and Disability is an essential resource for researchers, professors, clinicians, therapists, and other professionals as well as graduate students in the fields of developmental and positive psychology, rehabilitation, social work, special education, occupational, speech and language therapy, public health, and healthcare policy. 410 0$aPositive Psychology and Disability Series,$x2946-5109 606 $aDevelopmental psychology 606 $aClinical psychology 606 $aRehabilitation 606 $aMentally ill$xRehabilitation 606 $aSocial service 606 $aDevelopmental Psychology 606 $aRehabilitation Psychology 606 $aSocial Work 606 $aPersones amb discapacitat mental$2thub 606 $aElecció (Psicologia)$2thub 606 $aTutela$2thub 606 $aCapacitat jurídica$2thub 606 $aServeis socials per a les persones amb discapacitat$2thub 608 $aLlibres electrònics$2thub 615 0$aDevelopmental psychology. 615 0$aClinical psychology. 615 0$aRehabilitation. 615 0$aMentally ill$xRehabilitation. 615 0$aSocial service. 615 14$aDevelopmental Psychology. 615 24$aRehabilitation Psychology. 615 24$aSocial Work. 615 7$aPersones amb discapacitat mental 615 7$aElecció (Psicologia) 615 7$aTutela 615 7$aCapacitat jurídica 615 7$aServeis socials per a les persones amb discapacitat 676 $a362.3 702 $aStancliffe$b Roger J$4edt$4http://id.loc.gov/vocabulary/relators/edt 702 $aWehmeyer$b Michael L.$4edt$4http://id.loc.gov/vocabulary/relators/edt 702 $aShogren$b Karrie A$4edt$4http://id.loc.gov/vocabulary/relators/edt 702 $aAbery$b Brian H.$4edt$4http://id.loc.gov/vocabulary/relators/edt 801 0$bMiAaPQ 801 1$bMiAaPQ 801 2$bMiAaPQ 906 $aBOOK 912 $a9910409711703321 996 $aChoice, Preference, and Disability$92266207 997 $aUNINA